[Event "Bad Woerishofen op 22nd"]
[Site "Bad Woerishofen"]
[Date "2006.03.25"]
[Round "9"]
[White "Siebrecht, Sebastian"]
[Black "Tauber, Manfred"]
[Result "1-0"]
[WhiteElo "2429"]
[BlackElo "2259"]
[PlyCount "99"]
[EventDate "2006.03.17"]
[EventType "swiss"]
[EventRounds "9"]
[EventCountry "GER"]
[SourceTitle "CBM 111 Extra"]
[Source "ChessBase"]
[SourceDate "2006.05.09"]
[SourceVersion "1"]
[SourceVersionDate "2006.05.09"]
[SourceQuality "1"]

1. d4 Nf6 2. Nf3 e6 3. g3 b6 4. Bg2 Bb7 5. 0-0 Be7 6. c4 0-0 7. Nc3 Ne4 8. Qc2 Nxc3 9. Qxc3 Be4 10. Rd1 d6 11. Bh3 Nd7 12. Nd2 Bb7 13. e4 Bf6 14. Qd3 a5 15. b3 a4 16. Bb2 Re8 17. b4 e5 18. d5 Bc8 19. Bg2 g6 20. Rac1 Bg7 21. Ba3 Rf8 22. c5 bxc5 23. bxc5 Ba6 24. Qc2 Nxc5 25. Bxc5 dxc5 26. Qxc5 Bh6 27. Bf1 Bxf1 28. Kxf1 Qd7 29. Kg2 Rfc8 30. Rc2 Qg4 31. f3 Qg5 32. h4 Qf6 33. Nc4 Bf8 34. Qe3 Qe7 35. Rdc1 Rcb8 36. Qc3 Bg7 37. Na5 Rb6 38. Qd2 Qb4 39. Qxb4 Rxb4 40. Nc6 Rb7 41. Ne7+ Kf8 42. Rxc7 Rb2+ 43. Kh3 Bf6 44. d6 Rd8 45. Rd1 Rxa2 46. Nc6 Ra8 47. d7 Kg7 48. d8Q Bxd8 49. Nxd8 Rf2 50. Nxf7 1-0

[Event "Staufer op 18th"]
[Site "Schwaebisch Gmuend"]
[Date "2006.01.05"]
[Round "7"]
[White "Tauber, Manfred"]
[Black "Meijers, Viesturs"]
[Result "0-1"]
[WhiteElo "2277"]
[BlackElo "2529"]
[PlyCount "102"]
[EventDate "2006.01.02"]
[EventType "swiss"]
[EventRounds "9"]
[EventCountry "GER"]
[SourceTitle "EXT 2007"]
[Source "ChessBase"]
[SourceDate "2006.11.23"]
[SourceVersion "1"]
[SourceVersionDate "2006.11.23"]
[SourceQuality "1"]

1. d4 Nf6 2. Nf3 e6 3. c4 b6 4. g3 Bb7 5. Bg2 Bb4+ 6. Bd2 Bxd2+ 7. Qxd2 d6 8. Nc3 Ne4 9. Qc2 Nxc3 10. Qxc3 Nd7 11. 0-0 Nf6 12. Rfe1 Qe7 13. Rac1 c5 14. Qc2 0-0 15. e4 cxd4 16. Nxd4 Rfc8 17. Qd2 h6 18. h3 Rc5 19. Nb5 Ne8 20. Red1 Rc6 21. e5 d5 22. cxd5 Rxc1 23. Qxc1 exd5 24. Qe3 Rd8 25. Nd4 Nc7 26. h4 Ne6 27. Bh3 Nxd4 28. Qxd4 Re8 29. f4 Qc7 30. Bg2 Re7 31. Kh2 Kh8 32. Rd3 Qd8 33. f5 Qc7 34. f6 Rxe5 35. fxg7+ Kxg7 36. Re3 f6 37. Rc3 Qe7 38. Rc2 h5 39. Qa4 a5 40. Qd4 Qd6 41. Rc3 Ba6 42. Rb3 Qc5 43. Qf4 d4 44. Rf3 Qd6 45. Rf2 Re6 46. Qf3 Re3 47. Qf4 Qe5 48. Rd2 d3 49. Qf2 Re2 50. Rxe2 dxe2 51. Qe1 Qxb2 0-1

[Event "Bayern-chI Bank Hofmann 7th"]
[Site "Bad Wiessee"]
[Date "2003.11.14"]
[Round "7"]
[White "Tauber, Manfred"]
[Black "Cladouras, Panagiotis"]
[Result "1/2-1/2"]
[WhiteElo "2269"]
[BlackElo "2343"]
[PlyCount "44"]
[EventDate "2003.11.08"]
[EventType "swiss"]
[EventRounds "9"]
[EventCountry "GER"]
[SourceTitle "EXT 2004"]
[Source "ChessBase"]
[SourceDate "2003.11.25"]
[SourceVersion "1"]
[SourceVersionDate "2003.11.25"]
[SourceQuality "1"]

1. Nf3 d5 2. g3 c6 3. Bg2 Bg4 4. 0-0 Nd7 5. d3 e5 6. h3 Bh5 7. Nbd2 Ngf6 8. e4 dxe4 9. dxe4 Bc5 10. Qe2 0-0 11. Re1 a5 12. a4 Re8 13. Nf1 Qc7 14. c3 Rad8 15. Qc2 Bxf3 16. Bxf3 h6 17. Bd2 Nf8 18. Rad1 Rd7 19. Bc1 Red8 20. Rxd7 Rxd7 21. Ne3 Ne6 22. Ng4 Ne8 1/2-1/2

[Event "Bayern-chI Bank Hofmann 7th"]
[Site "Bad Wiessee"]
[Date "2003.11.10"]
[Round "3"]
[White "Tauber, Manfred"]
[Black "Landa, Konstantin"]
[Result "0-1"]
[WhiteElo "2269"]
[BlackElo "2587"]
[PlyCount "71"]
[EventDate "2003.11.08"]
[EventType "swiss"]
[EventRounds "9"]
[EventCountry "GER"]
[SourceTitle "EXT 2004"]
[Source "ChessBase"]
[SourceDate "2003.11.25"]
[SourceVersion "1"]
[SourceVersionDate "2003.11.25"]
[SourceQuality "1"]

1. d4 Nf6 2. c4 e6 3. Nc3 Bb4 4. Nf3 c5 5. e3 0-0 6. Bd3 d5 7. 0-0 Nc6 8. a3 Bxc3 9. bxc3 Qc7 10. cxd5 exd5 11. a4 Re8 12. h3 c4 13. Bc2 Ne4 14. Bxe4 Rxe4 15. Nd2 Re8 16. Qf3 Be6 17. e4 Qd7 18. Qg3 f6 19. Ba3 Na5 20. Rfe1 Nb3 21. Nxb3 cxb3 22. c4 dxc4 23. Bb2 Bf7 24. d5 Bg6 25. f3 Rac8 26. Bc3 b6 27. h4 a6 28. Rad1 b5 29. axb5 axb5 30. d6 b4 31. Bxf6 gxf6 32. h5 c3 33. hxg6 c2 34. gxh7+ Kh8 35. Qf4 Re6 36. e5 0-1

[Event "Bayern-chI Bank Hofmann 6th"]
[Site "Bad Wiessee"]
[Date "2002.10.27"]
[Round "2"]
[White "Kainz, Josef"]
[Black "Tauber, Manfred"]
[Result "1/2-1/2"]
[WhiteElo "2094"]
[BlackElo "2266"]
[PlyCount "114"]
[EventDate "2002.10.26"]
[EventType "swiss"]
[EventRounds "9"]
[EventCountry "GER"]
[SourceTitle "EXT 2003"]
[Source "ChessBase"]
[SourceDate "2002.11.25"]
[SourceVersion "1"]
[SourceVersionDate "2002.11.25"]
[SourceQuality "1"]

1. d4 Nf6 2. c4 g6 3. Nc3 Bg7 4. e4 d6 5. f4 0-0 6. Nf3 c5 7. d5 e6 8. Be2 exd5 9. cxd5 Bg4 10. 0-0 Nbd7 11. h3 Bxf3 12. Bxf3 a6 13. a4 Rb8 14. a5 Re8 15. g4 h6 16. h4 Nh7 17. g5 hxg5 18. hxg5 b5 19. axb6 Rxb6 20. Qd3 Qc7 21. Be2 Nb8 22. f5 Bd4+ 23. Kg2 gxf5 24. exf5 Rb4 25. f6 Bxc3 26. bxc3 Rbe4 27. Ra2 c4 28. Qf3 R8e5 29. Rh1 Qd7 30. Bf4 Rxf4 31. Qxf4 Rxg5+ 32. Kh2 Qd8 33. Bxc4 Qxf6 34. Qxf6 Nxf6 35. Rg1 Ng4+ 36. Kh3 Nf2+ 37. Kh2 Ng4+ 38. Kh1 f5 39. Rgg2 Nd7 40. Bd3 Nde5 41. Be2 Kf7 42. Rxa6 Ke7 43. Ra7+ Kf6 44. Bxg4 Nxg4 45. c4 Rh5+ 46. Kg1 Ne3 47. Re2 f4 48. Rc7 Ke5 49. Rd2 Rg5+ 50. Kf2 Rg2+ 51. Ke1 Rg1+ 52. Ke2 Nf5 53. Kf2 Rc1 54. Kf3 Rc3+ 55. Kf2 Rh3 56. Kg2 Rg3+ 57. Kf2 Rh3 1/2-1/2

[Event "Bayern-chI Bank Hofmann 4th"]
[Site "Bad Wiessee"]
[Date "2000.10.30"]
[Round "3"]
[White "Tauber, Manfred"]
[Black "Ekstroem, Roland"]
[Result "0-1"]
[WhiteElo "2241"]
[BlackElo "2487"]
[PlyCount "80"]
[EventDate "2000.10.28"]
[EventType "swiss"]
[EventRounds "9"]
[EventCountry "GER"]
[SourceTitle "EXT 2003"]
[Source "ChessBase"]
[SourceDate "2002.11.25"]
[SourceVersion "1"]
[SourceVersionDate "2002.11.25"]
[SourceQuality "1"]

1. e4 c5 2. Nf3 e6 3. d4 cxd4 4. Nxd4 Nf6 5. Nc3 d6 6. Be3 a6 7. Be2 Qc7 8. a4 b6 9. f4 Bb7 10. Bf3 Nbd7 11. Nb3 Be7 12. 0-0 0-0 13. Kh1 Rac8 14. Re1 Rfd8 15. Bf2 Qb8 16. Qe2 Bf8 17. Rad1 e5 18. f5 d5 19. Nxd5 Bxd5 20. exd5 e4 21. Bxe4 Re8 22. Qd3 Ne5 23. Qh3 Nc4 24. Bd3 Nxb2 25. Rb1 Nxa4 26. Rxe8 Rxe8 27. Bxa6 Nxd5 28. Bb5 Nac3 29. Bxe8 Nxb1 30. Bc6 Nf6 31. Qf3 Na3 32. g4 h6 33. h4 h5 34. gxh5 Nxc2 35. h6 Qe5 36. hxg7 Bd6 37. Bg1 Ne1 38. Qf1 Nh5 39. Qc4 Ng3+ 40. Kh2 Ne4+ 0-1

[Event "Bad Woerishofen op 16th"]
[Site "Bad Woerishofen"]
[Date "2000.03.23"]
[Round "7"]
[White "Schelle, Artur"]
[Black "Tauber, Manfred"]
[Result "1-0"]
[WhiteElo "2127"]
[BlackElo "2253"]
[PlyCount "83"]
[EventDate "2000.03.??"]
[EventType "swiss"]
[EventRounds "9"]
[EventCountry "GER"]
[SourceTitle "CBM 075 Extra"]
[Source "ChessBase"]
[SourceDate "2000.05.11"]
[SourceVersion "2"]
[SourceVersionDate "2000.05.11"]
[SourceQuality "1"]

1. e4 c6 2. d4 g6 3. Nc3 d5 4. h3 Bg7 5. Nf3 h6 6. Be3 e6 7. Bd3 Nd7 8. 0-0 Ngf6 9. e5 Ng8 10. Ne2 Ne7 11. Nf4 0-0 12. g4 c5 13. c3 a5 14. h4 a4 15. Rc1 c4 16. Bb1 a3 17. bxa3 Re8 18. Qd2 Kh8 19. Nh3 Ng8 20. Kg2 Nf8 21. Rh1 Rxa3 22. Nhg5 Qe7 23. h5 gxh5 24. Rxh5 f6 25. Rch1 fxg5 26. Bxg5 Qf7 27. Bxh6 Nxh6 28. Rxh6+ Bxh6 29. Qxh6+ Nh7 30. Ng5 Qg7 31. Qf6 Qxf6 32. Rxh7+ Kg8 33. exf6 Rf8 34. f7+ Rxf7 35. Rxf7 e5 36. Bh7+ Kh8 37. Rf8+ Kg7 38. Rxc8 Kf6 39. Nf3 exd4 40. g5+ Ke7 41. Nxd4 Rxc3 42. Rc7+ 1-0

[Event "Staufer op 12th"]
[Site "Schwaebisch Gmuend"]
[Date "2000.??.??"]
[Round "5"]
[White "Tauber, Manfred"]
[Black "Landa, Konstantin"]
[Result "0-1"]
[WhiteElo "2280"]
[BlackElo "2590"]
[PlyCount "79"]
[EventDate "2000.01.02"]
[EventType "swiss"]
[EventRounds "9"]
[EventCountry "GER"]
[SourceTitle "CBM 074 Extra"]
[Source "ChessBase"]
[SourceDate "2000.03.10"]
[SourceVersion "2"]
[SourceVersionDate "2000.03.10"]
[SourceQuality "1"]

1. d4 d6 2. c4 e5 3. Nf3 e4 4. Ng5 f5 5. Nh3 c6 6. g3 Nf6 7. Nc3 Be7 8. Bg2 d5 9. cxd5 Nxd5 10. 0-0 Be6 11. f3 exf3 12. Bxf3 Bf6 13. Nxd5 Bxd5 14. Be3 0-0 15. Bxd5+ Qxd5 16. Nf4 Qe4 17. Bf2 Nd7 18. Qb3+ Rf7 19. Qxb7 Nb6 20. Qa6 Bxd4 21. Rad1 Bxf2+ 22. Rxf2 Qc2 23. Rd6 Qxb2 24. Rxc6 Rd8 25. Nd3 Qd4 26. Qa3 Nd5 27. Qb2 Qxb2 28. Nxb2 Nb4 29. Rc4 Rb8 30. a3 Nd5 31. Nd3 Rb1+ 32. Rc1 Rxc1+ 33. Nxc1 Rc7 34. Nd3 g6 35. Rf3 Rc2 36. Kf1 Nc3 37. Ne1 Rc1 38. Rd3 a5 39. e3 a4 40. Kg2 0-1

[Event "Staufer op 12th"]
[Site "Schwaebisch Gmuend"]
[Date "2000.??.??"]
[Round "4"]
[White "Willim, Michael"]
[Black "Tauber, Manfred"]
[Result "0-1"]
[WhiteElo "2130"]
[BlackElo "2280"]
[PlyCount "48"]
[EventDate "2000.01.02"]
[EventType "swiss"]
[EventRounds "9"]
[EventCountry "GER"]
[SourceTitle "CBM 074 Extra"]
[Source "ChessBase"]
[SourceDate "2000.03.10"]
[SourceVersion "2"]
[SourceVersionDate "2000.03.10"]
[SourceQuality "1"]

1. c4 e5 2. g3 Nf6 3. Bg2 Nc6 4. a3 g6 5. Nc3 Bg7 6. Nf3 0-0 7. 0-0 d6 8. d3 Bd7 9. Rb1 a6 10. b4 Rb8 11. a4 h6 12. b5 axb5 13. axb5 Ne7 14. c5 Ne8 15. cxd6 Nxd6 16. Ba3 b6 17. Nd2 Be6 18. Qc2 f5 19. Rfc1 Rc8 20. Qa4 Rf7 21. Nc4 e4 22. Nxd6 cxd6 23. Qb4 Rxc3 24. Rxc3 Nd5 0-1

[Event "Bayern-chI Bank Hofmann 3rd"]
[Site "Bad Wiessee"]
[Date "1999.10.28"]
[Round "6"]
[White "Tauber, Manfred"]
[Black "Gelashvili, Tamaz"]
[Result "0-1"]
[WhiteElo "2283"]
[BlackElo "2531"]
[PlyCount "114"]
[EventDate "1999.10.23"]
[EventType "swiss"]
[EventRounds "9"]
[EventCountry "GER"]
[SourceTitle "EXT 2001"]
[Source "ChessBase"]
[SourceDate "2000.11.22"]
[SourceVersion "1"]
[SourceVersionDate "2000.11.22"]
[SourceQuality "1"]

1. e4 c5 2. Nf3 d6 3. d4 cxd4 4. Nxd4 Nf6 5. Nc3 g6 6. Be3 Bg7 7. f3 0-0 8. Bc4 Nc6 9. Bb3 Bd7 10. Qd2 Qa5 11. 0-0-0 Rfc8 12. h4 Ne5 13. h5 Nxh5 14. g4 Nf6 15. Kb1 b5 16. Bh6 Bxh6 17. Qxh6 Rxc3 18. bxc3 Qxc3 19. Qd2 Qxd2 20. Rxd2 g5 21. Rf1 Rc8 22. Kb2 Kf8 23. a3 e6 24. Re1 Ke7 25. Re3 a5 26. Rc3 Rxc3 27. Kxc3 Nxf3 28. Nxf3 Nxe4+ 29. Kd3 Nxd2 30. Kxd2 h6 31. c3 e5 32. Nh2 Be6 33. Bd1 Bc4 34. Nf3 Be6 35. Nh2 d5 36. Be2 Bd7 37. Nf1 Kd6 38. Ng3 Kc5 39. Kc2 Bc8 40. Kd2 Be6 41. Kc2 Bd7 42. Kd2 f6 43. Nh5 f5 44. Nf6 Be6 45. gxf5 Bxf5 46. Ng8 g4 47. Nxh6 g3 48. Ke3 Be4 49. Bh5 d4+ 50. cxd4+ exd4+ 51. Ke2 b4 52. axb4+ axb4 53. Nf7 d3+ 54. Ke3 g2 55. Kf2 b3 56. Ng5 Bd5 57. Bg6 d2 0-1

[Event "Bad Woerishofen op 15th"]
[Site "Bad Woerishofen"]
[Date "1999.??.??"]
[Round "7"]
[White "Kountz, Jochen"]
[Black "Tauber, Manfred"]
[Result "0-1"]
[WhiteElo "2311"]
[BlackElo "2275"]
[PlyCount "116"]
[EventDate "1999.03.05"]
[EventType "swiss"]
[EventRounds "9"]
[EventCountry "GER"]
[SourceTitle "EXT 2001"]
[Source "ChessBase"]
[SourceDate "2000.11.22"]
[SourceVersion "1"]
[SourceVersionDate "2000.11.22"]
[SourceQuality "1"]

1. e4 c5 2. Nf3 e6 3. Nc3 a6 4. d4 cxd4 5. Nxd4 Qc7 6. Be2 b5 7. 0-0 Bb7 8. Re1 Bc5 9. Bg5 Qb6 10. Be3 Nc6 11. Nxc6 Bxe3 12. fxe3 Bxc6 13. Qd4 Qxd4 14. exd4 d6 15. d5 Bb7 16. dxe6 fxe6 17. e5 d5 18. Bd3 Ne7 19. Ne2 Nc6 20. Nf4 Ke7 21. h4 g6 22. c3 Raf8 23. g3 Rhg8 24. Kh2 g5 25. hxg5 Rxg5 26. a4 b4 27. cxb4 Nxb4 28. Rac1 Rxf4 29. gxf4 Rh5+ 30. Kg3 Nxd3 31. Rh1 Nxc1 32. Rxh5 Bc6 33. Rxh7+ Kd8 34. f5 exf5 35. Kf4 d4 36. e6 d3 37. Ke3 Be4 38. Kd2 Nb3+ 39. Kc3 Nc5 40. b4 Nxa4+ 41. Kd2 Nb6 42. Ra7 Nd5 43. Rxa6 Nxb4 44. Ra7 Ke8 45. Rc7 Nc6 46. Rd7 Ne5 47. Rc7 f4 48. Rc5 Nf3+ 49. Kd1 Ke7 50. Rc4 Bd5 51. Rc3 Ne5 52. Rc5 Kxe6 53. Rc8 Nc4 54. Re8+ Kd6 55. Rf8 Bf3+ 56. Ke1 d2+ 57. Kf2 Bh5 58. Rxf4 d1Q 0-1

[Event "Bad Woerishofen op 15th"]
[Site "Bad Woerishofen"]
[Date "1999.??.??"]
[Round "9"]
[White "Lin, Ta"]
[Black "Tauber, Manfred"]
[Result "1/2-1/2"]
[WhiteElo "2355"]
[BlackElo "2275"]
[PlyCount "113"]
[EventDate "1999.03.05"]
[EventType "swiss"]
[EventRounds "9"]
[EventCountry "GER"]
[SourceTitle "EXT 2002"]
[Source "ChessBase"]
[SourceDate "2001.11.25"]
[SourceVersion "1"]
[SourceVersionDate "2001.11.25"]
[SourceQuality "1"]

1. d4 Nf6 2. c4 c5 3. d5 e6 4. Nc3 exd5 5. cxd5 Bd6 6. g3 0-0 7. Bg2 Re8 8. Nf3 Bf8 9. 0-0 d6 10. Nd2 Na6 11. Nc4 Rb8 12. a4 Nb4 13. e4 b6 14. f4 a6 15. e5 b5 16. axb5 axb5 17. Na3 Bg4 18. Bf3 Bxf3 19. Qxf3 Nd7 20. exd6 Nf6 21. Naxb5 Nc2 22. Ra6 Rb6 23. Rxb6 Qxb6 24. f5 Nd4 25. Qd3 Bxd6 26. Nxd6 Qxd6 27. Qc4 Qb8 28. Kh1 Qb4 29. Qa6 h5 30. Qa2 Ne2 31. Bg5 Nxc3 32. bxc3 Qe4+ 33. Qg2 Nxd5 34. Qxe4 Rxe4 35. Rd1 Nxc3 36. Rd8+ Kh7 37. Rd7 Kg8 38. Rd8+ Kh7 39. Rd7 Re5 40. Rxf7 Kg8 41. Rc7 Rxf5 42. Be3 Ne4 43. Kg2 Kh7 44. h3 Rd5 45. Re7 Nf6 46. Rc7 Nd7 47. Kf3 Kg6 48. Ke4 Nf6+ 49. Kf3 Rd3 50. Rc6 Kf5 51. Rxc5+ Nd5 52. Kf2 g5 53. Ra5 g4 54. hxg4+ hxg4 55. Ba7 Ke6 56. Ra6+ Kf5 57. Ra5 1/2-1/2

[Event "Bad Woerishofen op 15th"]
[Site "Bad Woerishofen"]
[Date "1999.??.??"]
[Round "7"]
[White "Oud, Niek"]
[Black "Tauber, Manfred"]
[Result "1/2-1/2"]
[WhiteElo "2116"]
[BlackElo "2275"]
[PlyCount "128"]
[EventDate "1999.03.05"]
[EventType "swiss"]
[EventRounds "9"]
[EventCountry "GER"]
[SourceTitle "EXT 2002"]
[Source "ChessBase"]
[SourceDate "2001.11.25"]
[SourceVersion "1"]
[SourceVersionDate "2001.11.25"]
[SourceQuality "1"]

1. d4 d5 2. c4 c6 3. Nf3 e6 4. Nc3 f5 5. e3 Nf6 6. Be2 Bd6 7. Bd2 0-0 8. Qc2 Ne4 9. Nxe4 fxe4 10. Ne5 Nd7 11. f4 Nxe5 12. dxe5 Be7 13. 0-0 Kh8 14. Rf2 a5 15. Kh1 Qb6 16. Rc1 Bc5 17. Rff1 Bb4 18. c5 Qc7 19. a3 Bxd2 20. Qxd2 a4 21. Qd4 Bd7 22. Bd1 Qa5 23. Ra1 b6 24. Rc1 Rfb8 25. Be2 bxc5 26. Rxc5 Qb6 27. Rb1 Ra5 28. Rxa5 Qxa5 29. Rc1 c5 30. Qxc5 Qxc5 31. Rxc5 Rxb2 32. Bf1 h6 33. g4 d4 34. exd4 e3 35. Rc7 Bb5 36. Rc8+ Kh7 37. Bxb5 Rxb5 38. Kg2 Rb3 39. f5 exf5 40. gxf5 e2 41. Kf2 Rxa3 42. Kxe2 Ra2+ 43. Kd3 Ra1 44. e6 Re1 45. Ra8 g6 46. fxg6+ Kxg6 47. d5 Kf6 48. Rxa4 Ke5 49. Ra5 h5 50. Kc4 Rc1+ 51. Kb4 Kd6 52. Ra8 Rb1+ 53. Kc4 Rc1+ 54. Kd4 Rd1+ 55. Ke4 Re1+ 56. Kf5 Kxd5 57. Rd8+ Kc6 58. Kf6 Rf1+ 59. Ke7 Rf2 60. Rd3 Ra2 61. Kf7 Rf2+ 62. Ke8 Rxh2 63. Kd8 Ra2 64. Ke7 h4 1/2-1/2

[Event "Bad Woerishofen op 15th"]
[Site "Bad Woerishofen"]
[Date "1999.??.??"]
[Round "8"]
[White "Schuster, Karsten"]
[Black "Tauber, Manfred"]
[Result "1-0"]
[WhiteElo "2210"]
[BlackElo "2275"]
[PlyCount "74"]
[EventDate "1999.03.05"]
[EventType "swiss"]
[EventRounds "9"]
[EventCountry "GER"]
[SourceTitle "EXT 2001"]
[Source "ChessBase"]
[SourceDate "2000.11.22"]
[SourceVersion "1"]
[SourceVersionDate "2000.11.22"]
[SourceQuality "1"]

1. d4 f5 2. c4 Nf6 3. Nc3 g6 4. f3 Bg7 5. e4 fxe4 6. fxe4 d6 7. Nf3 0-0 8. Be2 Na6 9. 0-0 c5 10. d5 Nc7 11. Qc2 Bg4 12. Be3 Bxf3 13. Rxf3 Nd7 14. Rg3 Ne8 15. Bg4 Ne5 16. Be6+ Kh8 17. Ne2 Qb6 18. Rb1 Qa6 19. b3 b5 20. cxb5 Qxb5 21. Nf4 a5 22. h4 Nf6 23. h5 gxh5 24. Bf5 Nfg4 25. Bc1 Bf6 26. Nxh5 Bh4 27. Rxg4 Nxg4 28. Bxg4 Qf1+ 29. Kh2 Bf6 30. Bb2 Qb5 31. Nxf6 exf6 32. Qf2 Kg7 33. Qf5 Qe8 34. Rf1 Qg6 35. Qf4 Rad8 36. Rf3 h5 37. Bf5 Qe8 1-0

[Event "Bad Woerishofen op 15th"]
[Site "Bad Woerishofen"]
[Date "1999.??.??"]
[Round "2"]
[White "Tauber, Manfred"]
[Black "Schramm, Bernd"]
[Result "1-0"]
[WhiteElo "2275"]
[BlackElo "2117"]
[PlyCount "63"]
[EventDate "1999.03.05"]
[EventType "swiss"]
[EventRounds "9"]
[EventCountry "GER"]
[SourceTitle "EXT 2002"]
[Source "ChessBase"]
[SourceDate "2001.11.25"]
[SourceVersion "1"]
[SourceVersionDate "2001.11.25"]
[SourceQuality "1"]

1. d4 d5 2. Nf3 Nf6 3. e3 e6 4. Bd3 c5 5. c3 Nc6 6. Nbd2 Qc7 7. 0-0 Be7 8. Qe2 e5 9. dxe5 Nxe5 10. Nxe5 Qxe5 11. f4 Qc7 12. c4 Bg4 13. Nf3 0-0 14. b3 Rad8 15. h3 Bxf3 16. Qxf3 Rfe8 17. Bb2 Ne4 18. cxd5 f5 19. Bxe4 fxe4 20. Qg4 Bd6 21. Rad1 Qf7 22. f5 Be5 23. Bxe5 Rxe5 24. f6 g6 25. d6 h5 26. Qg3 Re6 27. Qf4 Rd7 28. g4 hxg4 29. hxg4 Qf8 30. f7+ Kg7 31. g5 Rdxd6 32. Qh4 1-0

[Event "Bayern-chI Bank Hofmann 2nd"]
[Site "Bad Wiessee"]
[Date "1998.12.05"]
[Round "8"]
[White "Tauber, Manfred"]
[Black "Ansell, Simon"]
[Result "0-1"]
[WhiteElo "2275"]
[BlackElo "2380"]
[PlyCount "78"]
[EventDate "1998.11.28"]
[EventType "swiss"]
[EventRounds "9"]
[EventCountry "GER"]
[SourceTitle "EXT 2001"]
[Source "ChessBase"]
[SourceDate "2000.11.22"]
[SourceVersion "1"]
[SourceVersionDate "2000.11.22"]
[SourceQuality "1"]

1. d4 d5 2. Nf3 Nf6 3. c4 c6 4. Nc3 dxc4 5. a4 Bf5 6. e3 e6 7. Bxc4 Bb4 8. 0-0 0-0 9. Qe2 Bg6 10. Ne5 Nbd7 11. Nxg6 hxg6 12. Rd1 Qa5 13. Bd2 e5 14. d5 Rad8 15. dxc6 bxc6 16. Be1 e4 17. Bb3 Rb8 18. Bc2 Qe5 19. Rab1 Bd6 20. g3 Qe6 21. Nxe4 Nxe4 22. Bxe4 Qxe4 23. Qd3 Nc5 24. Qxd6 Ne6 25. Qd3 Qxa4 26. Qe2 Qe4 27. f3 Qf5 28. Bc3 Rb3 29. Ra1 Rb7 30. Ra5 c5 31. Raa1 g5 32. e4 Qg6 33. Rd5 Re8 34. Rad1 Rbe7 35. Qf2 g4 36. h4 gxf3 37. Qxf3 f6 38. Rd7 Qf7 39. e5 Rxd7 0-1

[Event "Bayern-chI Bank Hofmann 1st"]
[Site "Bad Wiessee"]
[Date "1997.11.23"]
[Round "9"]
[White "Cladouras, Panagiotis"]
[Black "Tauber, Manfred"]
[Result "0-1"]
[WhiteElo "2390"]
[BlackElo "2220"]
[PlyCount "100"]
[EventDate "1997.11.15"]
[EventType "swiss"]
[EventRounds "9"]
[EventCountry "GER"]
[SourceTitle "CBM 061 Extra"]
[Source "ChessBase"]
[SourceDate "1998.03.09"]
[SourceVersion "1"]
[SourceVersionDate "1998.03.09"]
[SourceQuality "1"]

1. e4 e6 2. d4 d5 3. Nc3 Bb4 4. e5 c5 5. a3 Bxc3+ 6. bxc3 Qc7 7. Nf3 Ne7 8. Bd3 Nbc6 9. 0-0 Bd7 10. Re1 c4 11. Bf1 Ng6 12. a4 f6 13. Ba3 Qa5 14. Qd2 fxe5 15. dxe5 0-0-0 16. Bd6 h6 17. Qe3 Nge7 18. Qc5 Qxc5 19. Bxc5 b6 20. Ba3 Rde8 21. h4 Rhf8 22. Re3 Rf7 23. Bxe7 Rexe7 24. g3 Re8 25. Bh3 Ref8 26. Bg4 a5 27. Kg2 Kc7 28. Re2 Re7 29. h5 Rb8 30. Nh4 Nd8 31. f4 Nb7 32. f5 Nc5 33. fxe6 Nxe6 34. Ng6 Ree8 35. Bxe6 Bxe6 36. Nf4 Kc6 37. Rd2 Bf5 38. Re1 Be4+ 39. Rxe4 dxe4 40. Rd6+ Kb7 41. Rd7+ Kc8 42. Rxg7 Rxe5 43. Rg6 e3 44. Kf3 e2 45. Nxe2 Rxh5 46. Rc6+ Kb7 47. Rxc4 Rf8+ 48. Kg2 Re5 49. Nf4 Rc8 50. Rd4 Rxc3 0-1

[Event "Bayern-chI Bank Hofmann 1st"]
[Site "Bad Wiessee"]
[Date "1997.11.20"]
[Round "6"]
[White "Tauber, Manfred"]
[Black "Nisipeanu, Liviu Dieter"]
[Result "0-1"]
[WhiteElo "2220"]
[BlackElo "2600"]
[PlyCount "74"]
[EventDate "1997.11.15"]
[EventType "swiss"]
[EventRounds "9"]
[EventCountry "GER"]
[SourceTitle "CBM 061 Extra"]
[Source "ChessBase"]
[SourceDate "1998.03.09"]
[SourceVersion "1"]
[SourceVersionDate "1998.03.09"]
[SourceQuality "1"]

1. e4 c5 2. Nf3 d6 3. d4 cxd4 4. Nxd4 Nf6 5. Nc3 a6 6. Be2 e6 7. 0-0 Be7 8. a4 Nc6 9. Be3 Qc7 10. f4 0-0 11. Kh1 Re8 12. Bd3 Bd7 13. Nb3 Nb4 14. a5 Rac8 15. Bb6 Qb8 16. Qe2 e5 17. Nd2 exf4 18. Rxf4 Be6 19. Raf1 Nd7 20. Nd5 Bxd5 21. exd5 Nxd3 22. Qxd3 Ne5 23. Qg3 Rxc2 24. Nf3 Nxf3 25. R4xf3 f6 26. h4 Qc8 27. h5 Rc1 28. h6 g6 29. Re1 Rxe1+ 30. Qxe1 Bf8 31. Re3 Rxe3 32. Qxe3 Qf5 33. Qe6+ Qxe6 34. dxe6 Bxh6 35. g4 Kf8 36. Bd8 Bg5 37. Kg2 Ke8 0-1